| 000 | 00398nam a2200157Ia 4500 | ||
|---|---|---|---|
| 008 | 210716s2016 xx 000 0 und d | ||
| 020 | _a9788126563296 | ||
| 041 | _aeng | ||
| 082 | _a658.802 VAJS | ||
| 100 | _aVajre, Sangram. | ||
| 245 |
_aAccount-based marketing: for dummies. _bFor dummies. |
||
| 250 | _a1 | ||
| 260 |
_aNew Delhi _bWILEY _c2016 |
||
| 300 | _axviii,354 | ||
| 650 | _aMarketing | ||
| 999 |
_c211550 _d211550 |
||